Sumo from rite to sport

A treatment of Japan's national sport from its prehistoric origins to the present, explaining diet, training, holds and throws, rules and rankings. The book's appendices provide vital statistics on the great yokozuna champions and information on the new stadium.

Gespeichert in:
Bibliographische Detailangaben
1. Verfasser: Cuyler, P. L.
Format: Buch
Sprache:Undetermined
Veröffentlicht: New York Weatherhill 1979
Schlagworte:
Tags: Tag hinzufügen
Keine Tags, Fügen Sie den ersten Tag hinzu!
Thư viện lưu trữ: Trung tâm Học liệu Trường Đại học Cần Thơ
LEADER 00756nam a2200205Ia 4500
001 CTU_107861
008 210402s9999 xx 000 0 und d
082 |a 796.8125 
082 |b C993 
100 |a Cuyler, P. L. 
245 0 |a Sumo from rite to sport 
245 0 |c P. L. Cuyler 
260 |a New York 
260 |b Weatherhill 
260 |c 1979 
520 |a A treatment of Japan's national sport from its prehistoric origins to the present, explaining diet, training, holds and throws, rules and rankings. The book's appendices provide vital statistics on the great yokozuna champions and information on the new stadium. 
650 |a Sumo 
650 |z Japan 
904 |i Bạch Trúc 
980 |a Trung tâm Học liệu Trường Đại học Cần Thơ